MARC details
| 000 -CABECERA |
| campo de control de longitud fija |
01220nam a2200277 a 4500 |
| 003 - IDENTIFICADOR DEL NÚMERO DE CONTROL |
| campo de control |
DO-SdBNP |
| 005 - FECHA Y HORA DE LA ÚLTIMA TRANSACCIÓN |
| campo de control |
20220729135855.0 |
| 007 - CAMPO FIJO DE DESCRIPCIÓN FÍSICA--INFORMACIÓN GENERAL |
| campo de control de longitud fija |
ta |
| 008 - DATOS DE LONGITUD FIJA--INFORMACIÓN GENERAL |
| campo de control de longitud fija |
220728e 1999pr a|||grc||| 00| 0dspa d |
| 040 ## - FUENTE DE LA CATALOGACIÓN |
| Centro catalogador/agencia de origen |
DO-SdBNP |
| Lengua de catalogación |
spa |
| Centro/agencia transcriptor |
BNPHU |
| 082 #4 - NÚMERO DE LA CLASIFICACIÓN DECIMAL DEWEY |
| Número de edición |
22 |
| Número de documento/Ítem |
V831p |
| 245 10 - MENCIÓN DE TÍTULO |
| Título |
Una visión pictórica de la hispaniola = vision picturale d'hispaniola : Museo de las Américas, San Juan, Puerto Rico, mayo 4 - junio 27, 1999. |
| Resto del título |
Museo de las Américas, San Juan, Puerto Rico, mayo 4-junio 27, 1999. / |
| Mención de responsabilidad, etc. |
Texto, Abil Peralta, Soraya Aracena; Traducción, Yvonne Bellión; Fotografía, Mariano Hernández |
| 260 ## - PUBLICACIÓN, DISTRIBUCIÓN, ETC. |
| Lugar de publicación, distribución, etc. |
Santo Domingo : |
| Nombre del editor, distribuidor, etc. |
Centenario, |
| Fecha de publicación, distribución, etc. |
1999 |
| 300 ## - DESCRIPCIÓN FÍSICA |
| Extensión |
55 p. : |
| Otras características físicas |
il. ; |
| Dimensiones |
29 cm. |
| 590 ## - NOTA LOCAL (RLIN) |
| Nota local |
Inventariado 2022 / MF |
| 650 #4 - PUNTO DE ACCESO ADICIONAL DE MATERIA--TÉRMINO DE MATERIA |
| 9 (RLIN) |
80097 |
| Término de materia o nombre geográfico como elemento de entrada |
Pintura dominicana |
| Subdivisión cronológica |
Siglo XX |
| 650 ## - PUNTO DE ACCESO ADICIONAL DE MATERIA--TÉRMINO DE MATERIA |
| 9 (RLIN) |
81688 |
| Término de materia o nombre geográfico como elemento de entrada |
Arte dominicano |
| Subdivisión de forma |
Exposiciones |
| Subdivisión general |
Catálogos |
| Subdivisión cronológica |
Siglo XX |
| 700 1# - PUNTO DE ACCESO ADICIONAL--NOMBRE DE PERSONA |
| 9 (RLIN) |
26618 |
| Nombre de persona |
Peralta, Abil, |
| Término indicativo de función/relación |
texto |
| 700 1# - PUNTO DE ACCESO ADICIONAL--NOMBRE DE PERSONA |
| 9 (RLIN) |
43422 |
| Nombre de persona |
Aracena, Soraya |
| Término indicativo de función/relación |
texto |
| 700 1# - PUNTO DE ACCESO ADICIONAL--NOMBRE DE PERSONA |
| Nombre de persona |
Bellión, Yvonne |
| Término indicativo de función/relación |
trad. |
| 9 (RLIN) |
82126 |
| 700 1# - PUNTO DE ACCESO ADICIONAL--NOMBRE DE PERSONA |
| 9 (RLIN) |
59875 |
| Nombre de persona |
Hernández, Mariano |
| Término indicativo de función/relación |
fotogr. |
| 710 #4 - PUNTO DE ACCESO ADICIONAL--NOMBRE DE ENTIDAD CORPORATIVA |
| 9 (RLIN) |
42466 |
| Nombre de entidad corporativa o nombre de jurisdicción como elemento de entrada |
Secretaría de Estado de Turismo (República Dominicana) |
| 710 #4 - PUNTO DE ACCESO ADICIONAL--NOMBRE DE ENTIDAD CORPORATIVA |
| 9 (RLIN) |
53277 |
| Nombre de entidad corporativa o nombre de jurisdicción como elemento de entrada |
Embajada de Haití en la República Dominicana |
| 910 ## - DATOS DE OPCIÓN DEL USUARIO (OCLC) |
| Datos de opción del usuario |
MFeliz |
| 942 ## - ELEMENTOS DE PUNTO DE ACCESO ADICIONAL (KOHA) |
| Fuente del sistema de clasificación o colocación |
Dewey Decimal Classification |
| Tipo de ítem Koha |
Libro |